Authorities offered private sector help (Record no. 76755)
[ view plain ]
| 000 -LEADER | |
|---|---|
| fixed length control field | 01432cab a2200205 4500 |
| 001 - CONTROL NUMBER | |
| control field | ##L133031 |
| 008 - FIXED-LENGTH DATA ELEMENTS--GENERAL INFORMATION | |
| fixed length control field | 060404n2006 000 0 eng u |
| 035 ## - SYSTEM CONTROL NUMBER | |
| System control number | (Sirsi) u133031 |
| 041 0# - LANGUAGE CODE | |
| Language code of text/sound track or separate title | eng |
| 100 1# - MAIN ENTRY--PERSONAL NAME | |
| Personal name | Smith, Katie |
| 245 00 - TITLE STATEMENT | |
| Title | Authorities offered private sector help |
| 260 ## - PUBLICATION, DISTRIBUTION, ETC. | |
| Date of publication, distribution, etc. | 2006 |
| 490 #0 - SERIES STATEMENT | |
| Series statement | Planning (for the Natural and Built Environment) |
| Volume/sequential designation | (1661) 24 March 2006, 14-15(2) |
| 520 ## - SUMMARY, ETC. | |
| Summary, etc. | Evaluates the viability of using private firms to support struggling planning departments facing staff shortages and tight deadlines. The Audit Commission's report "The planning system: matching expectations and capacity" (L132665) recommended the use of consultants but building in private sector help with the routine development control tasks of processing applications and appeals still causes concern is some areas of the planning community. Provides case studies of joint venture planning services in Salford and the outsourcing of planning legal services in Southampton. Table covers planning department performance against Best Value indicators 2004 onwards. Concludes that private sector firms, properly quality managed within well-specified contracts, can provide a lifeline to planning services |
| 590 ## - LOCAL NOTE (RLIN) | |
| Local note | IKA110406 |
| 650 24 - SUBJECT ADDED ENTRY--TOPICAL TERM | |
| Topical term or geographic name entry element | TOWN AND COUNTRY PLANNING ACT 1990 S106 |
| 690 ## - LOCAL SUBJECT ADDED ENTRY--TOPICAL TERM (OCLC, RLIN) | |
| Topical term or geographic name as entry element | ENVIRONMENTAL AND LAND CONSULTANCY-PLANNING AND DEVELOPMENT-DEVELOPMENT CONTROL |
| 700 1# - ADDED ENTRY--PERSONAL NAME | |
| Personal name | Moore, Bruno |
| 942 ## - ADDED ENTRY ELEMENTS (KOHA) | |
| Suppress in OPAC | 0 |
| Withdrawn status | Lost status | Source of classification or shelving scheme | Damaged status | Not for loan | Home library | Current library | Shelving location | Date acquired | Total Checkouts | Full call number | Barcode | Date last seen | Copy number | Price effective from | Koha item type |
|---|---|---|---|---|---|---|---|---|---|---|---|---|---|---|---|
| Dewey Decimal Classification | London | London | Journal article | 04/04/2006 | L133031 | 133031-1001 | 06/08/2019 | 1 | 06/08/2019 | Journal article |